Quick Pick: Grammy Best Dance Recording Quiz Stats

 Plays Quiz Updated Mar 14, 2021

Support Sporcle.
Go Orange.
Score 0/15 Timer 01:30
0 Plays Today
% Correct
Lady Gaga
89%
Baha Men
88.6%
Britney Spears
84.9%
Justin Timberlake ft. Timbaland
84.8%
Cher
79.3%
Rihanna
67.9%
Madonna
63.7%
Jack Ü with Justin Bieber
61.2%
% Correct
Daft Punk
55.4%
Janet Jackson
50.2%
The Chainsmokers ft. Daya
41.5%
Kylie Minogue
39.3%
Skrillex and Sirah
36.7%
Clean Bandit ft. Jess Glynne
34.9%
Zedd ft. Foxes
28.2%

Today's Daily Dose

You're not logged in!

Compare scores with friends on all Sporcle quizzes.
OR
Log In

From the Vault

Blackboard Blitz: US Civil War Battles

by goc3

Hopefully the chalk dust doesn't make anybody cough.
Remove Ads.
Support Sporcle.
Get the best of Sporcle when you Go Orange. This ad-free experience offers more features, more stats, and more fun while also helping to support Sporcle. Thank you for becoming a member.

Show Comments

Extras

Top Quizzes Today


Score Distribution

Your Account Isn't Verified!

In order to create a playlist on Sporcle, you need to verify the email address you used during registration. Go to your Sporcle Settings to finish the process.

Report this User

Report this user for behavior that violates our Community Guidelines.

Details: